| 000 | 00470nam a2200181 a 4500 | ||
|---|---|---|---|
| 005 | 20140310183136.0 | ||
| 008 | 020820s19uu xx 00 eng d | ||
| 020 | _a9814024937 | ||
| 050 |
_aHD 31 _b.St881 2001 |
||
| 100 | _aStoner, James | ||
| 245 |
_aManagement / _cJames Stoner. |
||
| 260 |
_aNew Jersey : _bPrentice Hall, _c2001. |
||
| 300 |
_a629 p. : _bcol. ill. ; _c26 cm. |
||
| 521 | _aBSBA | ||
| 650 | _aManagement | ||
| 942 |
_cBK _2lcc _kFOR |
||
| 999 |
_c19284 _d19284 |
||